|
|
|
|
| LEADER |
01932nem a2200469 a 4500 |
| 001 |
mzk03001178344 |
| 003 |
CZ BrMZK |
| 005 |
20130710135842.0 |
| 007 |
aj|canzn |
| 008 |
075518s1788 au d||||||a|||||0|||fre|d |
| 034 |
1 |
|
|a a
|b 160000
|d E0260400
|e E0265600
|f N0403400
|g N0395830
|
| 040 |
|
|
|a BOE801
|b cze
|
| 043 |
|
|
|a a-tu---
|
| 072 |
|
7 |
|a 912:904
|x Staré mapy
|2 Konspekt
|9 7
|
| 080 |
|
|
|a (560)
|2 MRF
|
| 080 |
|
|
|a (084.3)
|2 MRF
|
| 100 |
1 |
|
|a Maire, Francois Joseph,
|d 1738-1788
|7 ola2010577178
|4 aut
|
| 245 |
1 |
0 |
|a Helespont ou detroit des Dardanelles pour servir de renseignement a la carte des limites des trois empires on théatre de la guerre
|h [kartografický dokument]
|
| 255 |
|
|
|a Měřítko [ca 1:160 000]. 13,7 cm = 12 500 Toises = 5 lieues France
|c (026°04´00" v.d.--026°56´00" v.d./040°34´00" s.š.--039°58´30" s.š.)
|
| 260 |
|
|
|a [Wien :
|b s.n.],
|c 1788
|
| 300 |
|
|
|a 1 mapa :
|b ručně kolorovaná mědirytina ;
|c 29 x 62,5 cm, na listu 32 x 65 cm, složeno na 32,5 x 34,5 cm
|
| 500 |
|
|
|a Při dolním okraji jsou čtyři plány pevností
|
| 510 |
3 |
|
|a IKAR
|
| 561 |
|
|
|a Provenience: [stará signatura] 10.1.
|
| 561 |
|
|
|a Provenience: [stará signatura] D 10
|
| 561 |
|
|
|a Provenience: [stará signatura] - 96
|
| 561 |
|
|
|a Provenience: [m.p.] Dardanell
|
| 655 |
|
7 |
|a staré mapy
|7 fd674099
|2 czenas
|
| 651 |
|
7 |
|a Turecko
|7 ge131143
|2 czenas
|
| 740 |
0 |
2 |
|a Plan du Nouveau Chateau d'Asie construit en 1658
|
| 740 |
0 |
2 |
|a Plan du Nouveau Chateau d'Europe construit en 1658
|
| 740 |
0 |
2 |
|a Plan du Vieux Chateau des Dardanelles en Asie
|
| 740 |
0 |
2 |
|a Plan du Vieux Chateau d'Europe ou Dardanelle
|
| 903 |
|
|
|a RP
|
| 910 |
|
|
|e BOE950
|c R - CLXVIII (I.I.a.)
|
| 978 |
|
|
|b S.n.
|a Wien
|c 1788
|
| 984 |
|
|
|a Vídeň
|b Rakousko
|
| 985 |
|
|
|a 1751-1800
|
| 990 |
|
|
|a MP
|
| 996 |
|
|
|e BOE950
|c R - CLXVIII (I.I.a.)
|
| 991 |
|
|
|k rajhrad
|
| 980 |
|
|
|c 290180
|g R - CLXVIII (I.I.a.)
|d 20070518
|t 5
|1 328100290180
|n J
|z KR
|